| 000 | 00822nam a22002657a 4500 | ||
|---|---|---|---|
| 001 | 9021 | ||
| 003 | FISKH | ||
| 005 | 20251114104850.0 | ||
| 008 | 251114b cb ||||| |||| 00| 0 eng d | ||
| 020 | _a9780590250924 | ||
| 040 |
_aFISKH _beng _cFISKH _dFISKH |
||
| 050 | _aPS3569.T69132 R5 | ||
| 082 | _a813.54 | ||
| 100 |
_aStrasser, Todd _eAuthor |
||
| 245 |
_aRichie rich / _cby Todd Strasser |
||
| 260 |
_aNew York : _bScholastic Inc. , _c1994 |
||
| 300 |
_a133 pages : _bcolor illustrations ; _c19 cm |
||
| 505 | _aR | ||
| 520 | _aTwelve year-old Richie Rich has everything money can buy, but all he wants is to fit in with the kids in the neigbourhood. | ||
| 521 | 8 |
_a700
_bLexile estimate |
|
| 521 | 8 |
_aR
_bRaz-plus |
|
| 650 |
_aChildren's _vAdventure & Mystery |
||
| 942 |
_2ddc _cBK _n0 |
||
| 999 |
_c9021 _d9021 |
||